| 000 | 00919cam a2200301 a 4500 | ||
|---|---|---|---|
| 999 |
_c10152 _d10152 |
||
| 001 | 16592495 | ||
| 003 | OSt | ||
| 005 | 20210216154504.0 | ||
| 008 | 101228s2009 pau 000 0 eng | ||
| 010 | _a 2010284468 | ||
| 020 | _a9780768428322 (pbk.) | ||
| 020 | _a0768428327 (pbk.) | ||
| 040 |
_aDLC _cDLC _dDLC |
||
| 042 | _apcc | ||
| 050 | 0 | 0 |
_aBT738.25 _bD292G |
| 082 | 0 | 0 |
_a269 _222 _bD292G |
| 245 | 0 | 0 |
_aGod's supernatural power in you / _c[compiled by] Frank DeCenso, Jr. |
| 260 |
_aShippensburg, PA : _bDestiny Image Publishers, _c2009. |
||
| 300 |
_a252 p. ; _c23 cm. |
||
| 650 | 0 | _aPower (Christian theology) | |
| 650 | 0 | _aHoly Spirit. | |
| 650 | 0 |
_aGod _xOmnipotence. |
|
| 650 | 0 | _aChristian life. | |
| 700 | 1 | _aDeCenso, Frank. | |
| 906 |
_a7 _bcbc _corigres _d2 _encip _f20 _gy-gencatlg |
||
| 942 |
_2ddc _cBK |
||